Kesan dan penghayatan novel sejarah Tengku Menteri

Bibliographic Details
Format: Book
Published: Kuala Lumpur : Pekan Ilmu Publications , 2005
Subjects:

MARC

LEADER 00000cam a2200000 7i4500
001 0000015440
005 20080326.0
008 080326
020 |a 983256767X 
090 0 0 |a 899.233309   |b KES 
245 1 0 |a Kesan dan penghayatan novel sejarah Tengku Menteri   |c penyelenggara, Talib Samat 
260 |a Kuala Lumpur :   |b Pekan Ilmu Publications ,   |c 2005 
650 0 |a Historical fiction, Malay   |x history and criticism 
650 0 |a Tengku Menteri   |x Criticism, Textual 
999 |a 0001016282   |b Book   |c Adult Collection   |e Perbadanan Perpustakaan Awam Johor 
999 |a 0001016286   |b Book   |c Adult Collection   |e Perbadanan Perpustakaan Awam Johor 
999 |a 0001019139   |b Book   |c Adult Collection   |e Cawangan Bandar Tenggara 
999 |a 0001019140   |b Book   |c Adult Collection   |e Cawangan Tangkak 
999 |a 0001019142   |b Book   |c Adult Collection   |e Cawangan Segamat